[Event "Foment Martinenc op-C 19st"]
[Site "Barcelona"]
[Date "2017.06.17"]
[Round "9.15"]
[White "Yanischevsky, Anibal"]
[Black "Cruz Jimenez, Miguel"]
[Result "1/2-1/2"]
[WhiteElo "1668"]
[BlackElo "1800"]
[PlyCount "86"]
[EventDate "2017.04.22"]
[EventType "swiss"]
[EventRounds "9"]
[EventCountry "ESP"]
[SourceTitle "EXT 2024"]
[Source "ChessBase"]
[SourceDate "2023.10.10"]
[SourceVersion "1"]
[SourceVersionDate "2023.10.10"]
[SourceQuality "1"]

1. e4 c5 2. Nf3 d6 3. d4 cxd4 4. Nxd4 Nc6 5. Be3 Nf6 6. Nc3 e5 7. Nb3 Be6 8. f3 Be7 9. Qd2 a6 10. g4 Qc7 11. h4 h6 12. 0-0-0 0-0-0 13. Na4 Nd7 14. Kb1 Bxb3 15. cxb3 Kb8 16. Rc1 Qa5 17. Qxa5 Nxa5 18. Nb6 Nxb6 19. Bxb6 Nc6 20. Bxd8 Rxd8 21. Bc4 f6 22. Rhf1 Nd4 23. h5 Rf8 24. Rf2 Bd8 25. a3 Bb6 26. Rff1 Ba7 27. Rc3 Rd8 28. f4 b5 29. Bd3 Kb7 30. Rfc1 Rd7 31. f5 a5 32. a4 b4 33. Rc8 Nxb3 34. Bb5 Re7 35. R1c6 Bb6 36. Ba6+ Kxa6 37. Rb8 Rb7 38. Rxb7 Kxb7 39. Rxd6 Nd2+ 40. Rxd2 Kc7 41. b3 Bd4 42. Rc2+ Kd7 43. Rc4 Be3 1/2-1/2

[Event "Foment Martinenc op-C 19st"]
[Site "Barcelona"]
[Date "2017.05.27"]
[Round "6.25"]
[White "Martinez Aguero, Francisco"]
[Black "Yanischevsky, Anibal"]
[Result "0-1"]
[WhiteElo "1720"]
[BlackElo "1668"]
[PlyCount "84"]
[EventDate "2017.04.22"]
[EventType "swiss"]
[EventRounds "9"]
[EventCountry "ESP"]
[SourceTitle "EXT 2024"]
[Source "ChessBase"]
[SourceDate "2023.10.10"]
[SourceVersion "1"]
[SourceVersionDate "2023.10.10"]
[SourceQuality "1"]

1. d4 Nf6 2. c4 g6 3. Nc3 Bg7 4. Nf3 d6 5. Bg5 h6 6. Bf4 Nh5 7. Bd2 0-0 8. e4 f5 9. e5 c6 10. Be2 c5 11. exd6 exd6 12. d5 a5 13. 0-0 Nd7 14. Rb1 b6 15. Ne1 Ne5 16. f4 Ng4 17. Nf3 Qe7 18. Qe1 Ne3 19. Rf2 Nxf4 20. Bxe3 Qxe3 21. Bf1 Re8 22. Qxe3 Rxe3 23. g3 Nh5 24. Nb5 Bf8 25. Re1 Rxe1 26. Nxe1 Bd7 27. Nc3 Bg7 28. Nb5 Bxb5 29. cxb5 Bd4 30. b3 Bxf2+ 31. Kxf2 Re8 32. Nf3 Nf6 33. h3 Ne4+ 34. Kg2 g5 35. g4 fxg4 36. hxg4 Rf8 37. Bd3 Nc3 38. a4 Kg7 39. Nd2 Rf4 40. Nc4 Rd4 41. Bf5 Nxd5 42. Be6 Nf4+ 0-1